Представление документа в формате RUSMARC

ПолеНазваниеЗначение
  Тип записи i
  Библиографический уровень m
001 Контрольный номер RU/IS/BASE/495730138
005 Дата корректировки 20201206204952.8
010 Индекс ISBN __
d Цена 413-10
100 Данные общей обработки __
a Данные общей обработки 19150916d2013||||||| 0rusy0189 ca
101 Язык документа 0_
a Язык текста rus
102 Страна публикации __
a Страна публикации ru|
105 Кодированные данные (монография) __
a Кодированные данные (монография) nn||||а||f|zy
127 Кодированные данные (звукозаписи-физические характеристики) __
a Продолжительность проигрывания 22 час 15 мин
200 Заглавие и сведения об ответственности 1_
a Заглавие Святой против Льва
e Сведения, относящиеся к заглавию [Иоанн Кронштадтский и Лев Толстой: история одной вражды : аудиокнига : 12+]
f Первые сведения об ответственности Павел Басинский ; [читает Владимир Левашев]
b Общее обозначение материала Звукозапись
210 Выходные данные __
a Место издания Москва
c Издательство Аудиокнига
d Дата издания 2013
215 Физическое описание __
a Объем 2 электрон. опт. диск (CD-ROM)
d Формат 12х14 см
230 Специфическая характеристика материала: электронные ресурсы __
a Обозначение и объем ресурса Электронные данные
300 Общие примечания __
a Общие примечания Заглавие с этикетки диска
323 Примечание о главных создателях, исполнителях, участниках __
a Примечание о главных создателях, исполнителях, участниках Левашев, В. (читает)
330 Аннотация __
a Аннотация На рубеже XIX-XX веков в России было два места массового паломничества - Ясная Поляна и Кронштадт. Почему же толпы людей шли именно к Льву Толстому и отцу Иоанну Кронштадтскому? Известный писатель и журналист Павел Басинский, автор бестселлера "Лев Толстой. Бегство из рая" (премия "Большая Книга"), в аудиокниге "Святой против Льва" прослеживает историю взаимоотношений самого знаменитого писателя и самого любимого в народе священника того времени, ставших заклятыми врагами.
333 Примечание о целевом назначении __
a Примечание о целевом назначении 12+. Для детей старше 12 лет
337 Примечание о системных требованиях (электронные ресурсы) __
a Примечание о системных требованиях (электронные ресурсы) Системные требования: Windows XP/Vista ; процессор Pentium III 500 Мгц ; память 256 МБ ОЗУ ; дисковод 24-х CD/DVD-ROM ; звуковая карта ; колонки или наушники ; мышь
600 Персоналии __
a Персоналии (Фамилия) Толстой, Л. Н.
f Даты 1828-1910
g Полное имя Лев Николаевич
600 Персоналии __
a Персоналии (Фамилия) Иоанн Кронштадтский
c Дополнение к имени Сергиев, И. И.
f Даты 1829-1908
606 Тематические рубрики __
a Основная рубрика Литературоведение
606 Тематические рубрики __
a Основная рубрика Русская литература XIX в.
610 Ключевые слова __
a Ключевые слова биографические материалы
a Ключевые слова биографические сведения
a Ключевые слова взаимоотношения
a Ключевые слова вражда
a Ключевые слова знаменитые личности
a Ключевые слова паломники
a Ключевые слова паломничество
a Ключевые слова персоналии
a Ключевые слова писатели
a Ключевые слова политические взгляды
a Ключевые слова религиозные деятели
a Ключевые слова русские писатели
a Ключевые слова священники
a Ключевые слова творческая деятельность
686 Индексы других классификаций __
2 Код системы rubbks
a Классификационный индекс 83.3(2=411.2)52-8я04
700 Автор _1
a Фамилия Басинский
b Имя П. В.
g Полное личное имя Павел Валерьевич
4 Код отношения 070
801 Источник записи _0
a Страна ru
b Организация Муниципальное бюджетное учреждение культуры "Централизованная библиотечная система" г. Сургут (Центральная городская библиотека им. А. С. Пушкина)
c Дата составления 20150916
g Правила каталогизации КиК/Коробейникова
801 Источник записи _1
a Страна ru
b Организация Муниципальное бюджетное учреждение культуры "Централизованная библиотечная система" г. Сургут (Центральная городская библиотека им. А. С. Пушкина)
c Дата составления 20150916
g Правила каталогизации КиК/Коробейникова
852 Данные о местонахождении __
j Шифр хранения 83.3(2=411.2)52-8я04
i Авторский знак Б 27
901 Тип документа __
t Тип документа 0
903 Характеристики (МАРС) __
a Дата передачи 20150916
969 Тип издания __
a Тип издания издание для слепых; аудиокнига
990 Данные о заказе (DOS) __
j Количество экземпляров (DOS) 6
t N записи в КСУ для И/У (DOS) 201509